10 Najlepszych strzelców Arsenalu - Statystyki

Ogólne statystyki
  • Ten quiz został rozwiązany 69 razy
  • Średni wynik to 2 z 10
Statystyki odpowiedzi
Gole Piłkarz % Poprawnych
228 Thierry Henry
98%
132 Robin van Persie
58%
120 Dennis Bergkamp
52%
185 Ian Wright
31%
160 Cliff Bastin
2%
121 David Jack
2%
131 Doug Lishman
2%
116 Joe Hulme
2%
134 John Radford
2%
128 Ted Drake
2%
Nie znaleziono quizów pasujących do podanych kryteriów
Rozkład punktacji
Procent ludzi z każdym wynikiem
Percentyl według liczby udzielonych odpowiedzi
Twoja historia wyników
Nie rozwiązałeś tego quizu